Statistics for American Geography By Letter - C

Click here to take the quiz!

General Stats

  • This quiz has been taken 631 times
  • The average score is 8 of 20

Answer Stats

HintAnswer% Correct
Most populous U.S. stateCalifornia
99%
Largest country in the America'sCanada
88%
Capital of VenezulaCaracas
85%
Nation boardering NicaraguaCosta Rica
83%
The first Canadian city to host the Olympic Winter GamesCalgary
69%
Locations of most NASA Space LauchesCape Canaveral
55%
British Overseas Territory in the western Caribbean SeaCayman Islands
45%
The "C" of the ABC islands in the CaribibeanCuraçao
45%
The site of the historic capital of the Inca EmpireCusco
36%
Rocky Island off the coast of Los AngelesCatalina Island
27%
Northern Mexican state nicknamed "El Estado Grande"Chihuahua
25%
Mountain Range in New York StateCatskills
24%
National Park in New Mexico (Caves)Carlsbad Caverns
23%
Large pre-Columbian city built by the MayaChichen Itza
22%
Northern Columbian Seaport and Tourism CenterCartagena
18%
An Indian Nation of two tribes (Só'taeo'o and Tsétsêhéstâhese) from the Great PlainsCheyenne
14%
Manitoba City nicknamed the "Polar Bear Capital of the World"Churchill
13%
Northern Idaho Resort TownCoeur d'Alene
9%
Oldest city in PennsylvaniaChester
6%
Northern seaport and capital of Nord Department (Haiti)Cap-Haïtien
4%

Score Distribution

Percentile by Number Answered

Percent of People with Each Score

Your Score History

You have not taken this quiz